Logo BPK

Biblioteka

Politechniki Koszalińskiej

How now, Brown cow ? : (Rekord nr 48327)

Szczegóły MARC
000 -ETYKIETA REKORDU
podpole kontrolne o stałej długości 00781nam a2200217 i 4500
001 - NUMER KONTROLNY REKORDU
pole kontrolne bgj
020 ## - MIĘDZYNARODOWY ZNORMALIZOWANY NUMER KSIĄŻKI - ISBN
ISBN 0134243269 (pbk)
040 ## - ŹRÓDŁO KATALOGOWANIA
Instytucja, która utworzyła rekord BPK
041 0# - KOD JĘZYKA
Kod języka tekstu eng
920 ## - Międzynarodowy znormalizowany numer książki – ISBN
ISBN 0-13-424326-9 (pbk)
008 - POLE O STAŁEJ DŁUGOŚCI - DANE KONTROLNE
podpole kontrolne o stałej długości s uk f |000 0 eng
100 1# - NAZWA OSOBOWA
Nazwa osobowa PONSONBY, Mimi
245 10 - TYTUŁ/ODPOWIEDZIALNOŚĆ
Tytuł How now, Brown cow ? :
Ciąg dalszy tytułu a course in the pronunciation of English, with exercises and dialogues /
Pozostałe elementy strefy tytułu i oznaczenia odpowiedzialności by Mimi Ponsonby ; illustrated by Duncan.
260 ## - STREFA ADRESU WYDAWNICZEGO
Miejsce wydania Hemel Hempstead :
Nazwa wydawcy/dystrybutora Prentice Hall Europe ELT,
Data publikacji, dystrybucji/powstania dokumentu 1998.
300 ## - STREFA OPISU FIZYCZNEGO
Objętość XIII, 123 pp :
Inne cechy fizyczne ill. ;
Rozmiary 24 cm.
500 ## - UWAGI OGÓLNE
Tekst uwagi 1st publ. 1982 by Pergamon Press.
500 ## - UWAGI OGÓLNE
Tekst uwagi This edition 1st published in 1992 by Prentice Hall International (UK).
650 #9 - HASŁO PRZEDMIOTOWE W FORMIE NAZWY OGÓLNEJ LUB JEDNOSTKOWEJ
Nazwa ogólna lub geograficzna English language
Określnik ogólny Pronunciation
655 ## - TERMIN INDEKSOWY - OKREŚLENIE RODZAJU/FORMY DOKUMENTU
Określenie rodzaju/formy dokumentu Textbooks for foreigners
856 ## - LOKALIZACJA I DOSTĘP DO ELEKTRONICZNYCH DOKUMENTÓW ZDALNYCH
Link (URL) http://koha.tu.koszalin.pl/cgi-bin/koha/opac-detail.pl?biblionumber=48327
Tekst linku Katalog online BPK
942 ## - DODATKOWE ELEMENTY (KOHA)
Typ dokumentu Książka
Egzemplarze
Wycofany Status egzemplarza Uszkodzony Dostępność Lokalizacja stała Lokalizacja bieżąca Miejsce przechowywania Sygnatura Kod kreskowy Dział Typ dokumentu Ostatnio wypożyczono
      Tylko na miejscu Biblioteka Politechniki Koszalińskiej Biblioteka Politechniki Koszalińskiej Czytelnia Wydziałowa ul. Kwiatkowskiego 6e KA 5569 09085749 811.111'34 Język angielski - fonetyka Książka  
      Dostępny Biblioteka Politechniki Koszalińskiej Biblioteka Politechniki Koszalińskiej Wypożyczalnia Językowa KA 5570 09085756   Książka  
      Dostępny Biblioteka Politechniki Koszalińskiej Biblioteka Politechniki Koszalińskiej Wypożyczalnia Językowa KA 5571 09085763   Książka  
      Dostępny Biblioteka Politechniki Koszalińskiej Biblioteka Politechniki Koszalińskiej Wypożyczalnia Językowa KA 5572 09085770   Książka  
      Dostępny Biblioteka Politechniki Koszalińskiej Biblioteka Politechniki Koszalińskiej Wypożyczalnia Językowa KA 5573 09085787   Książka  
      Dostępny Biblioteka Politechniki Koszalińskiej Biblioteka Politechniki Koszalińskiej Wypożyczalnia Językowa KA 5574 09085794   Książka 13.10.2021
© 2023 Biblioteka Politechniki Koszalińskiej :: KOHA